000
00289nam a2200109Ia 4500
008
190216s9999||||xx |||||||||||||| ||und||
100
_a
Pandit Seetharam Chaudari
245
0
_a
Hindi-Bharathiya Samskrithi Ka Kenthra Varanasi
260
_b
Orient Publishers
650
_a
Hindi
942
_c
BK
999
_c
15257
_d
15257